00300nam a2200109 a 4500008004100000050001500041100002000056245006700076260002800143300001000171350000900181120416s1969 ||||||||||||||||| || u aDT 475 Ori aWilson, Henry S10aOrigins of West African nationalismcedited by Henry S. Wilson aLondonbMacmillanc1969 a391p. a0.00